Statistics for AKC Dog Breeds

Click here to take the quiz!

General Stats

  • This quiz has been taken 97 times
  • The average score is 92 of 197

Answer Stats

Answer% Correct
Labrador Retriever
96%
Doberman Pinscher
93%
Bulldog
91%
Golden Retriever
91%
Poodle
89%
Rottweiler
89%
Siberian Husky
87%
Chihuahua
84%
Dachshund
84%
Beagle
82%
Bloodhound
82%
Great Dane
82%
Maltese
82%
Mastiff
82%
Akita
80%
Australian Shepherd
80%
Basset Hound
80%
Cocker Spaniel
80%
Collie
80%
French Bulldog
80%
Irish Setter
80%
Yorkshire Terrier
80%
English Cocker Spaniel
78%
Alaskan Malamute
76%
Dalmatian
76%
Irish Wolfhound
76%
Pug
76%
Australian Cattle Dog
73%
Bullmastiff
73%
Chow Chow
73%
Greyhound
73%
Afghan Hound
71%
Pomeranian
71%
Puli
71%
Border Collie
69%
Borzoi
69%
Cavalier King Charles Spaniel
69%
English Springer Spaniel
69%
Airedale Terrier
67%
Belgian Malinois
67%
Boston Terrier
67%
Boxer
67%
Pembroke Welsh Corgi
67%
Affenpinscher
64%
Bernese Mountain Dog
64%
Bichon Frise
64%
Komondor
64%
Shih Tzu
64%
Vizsla
64%
Weimaraner
64%
Brittany
62%
German Shorthaired Pointer
62%
Old English Sheepdog
62%
Saint Bernard
62%
Shetland Sheepdog
62%
Whippet
62%
Bull Terrier
60%
English Setter
60%
German Wirehaired Pointer
60%
Havanese
60%
Samoyed
60%
Shiba Inu
60%
Cairn Terrier
58%
Great Pyrenees
58%
Papillon
58%
Pointer
58%
Basenji
56%
Bearded Collie
56%
Cane Corso
56%
Chinese Crested
56%
Curly-Coated Retriever
56%
Gordon Setter
56%
Newfoundland
56%
Portuguese Water Dog
56%
Rhodesian Ridgeback
56%
West Highland White Terrier
56%
American Eskimo Dog
53%
American Foxhound
53%
Bluetick Coonhound
53%
German Shepherd Dog
53%
Norfolk Terrier
53%
Tibetan Mastiff
53%
Irish Terrier
51%
Italian Greyhound
51%
Belgian Sheepdog
49%
Chesapeake Bay Retriever
49%
Clumber Spaniel
49%
Miniature Schnauzer
49%
Pekingese
49%
Saluki
49%
Scottish Terrier
49%
American Staffordshire Terrier
47%
Belgian Tervuren
47%
Black and Tan Coonhound
47%
Finnish Spitz
47%
Flat-Coated Retriever
47%
Miniature Pinscher
47%
Australian Terrier
44%
Dogo Argentino
44%
Harrier
44%
Silky Terrier
44%
Norwegian Elkhound
42%
Rat Terrier
42%
Redbone Coonhound
42%
Scottish Deerhound
42%
Treeing Walker Coonhound
42%
Welsh Springer Spaniel
42%
Border Terrier
40%
English Foxhound
40%
Irish Red and White Setter
40%
Norwich Terrier
40%
Tibetan Terrier
40%
Anatolian Shepherd Dog
38%
Azawakh
38%
Beauceron
38%
Greater Swiss Mountain Dog
38%
Kerry Blue Terrier
38%
American Water Spaniel
36%
Bedlington Terrier
36%
Chinese Shar-Pei
36%
Dandie Dinmont Terrier
36%
Field Spaniel
36%
Nova Scotia Duck Tolling Retriever
36%
Otterhound
36%
Soft Coated Wheaten Terrier
36%
Tibetan Spaniel
36%
Wire Fox Terrier
36%
Barbet
33%
Black Russian Terrier
33%
Briard
33%
Finnish Lapphund
33%
Giant Schnauzer
33%
Lhasa Apso
33%
Pumi
33%
Skye Terrier
33%
Smooth Fox Terrier
33%
Spanish Water Dog
33%
Staffordshire Bull Terrier
33%
American English Coonhound
31%
Brussels Griffon
31%
Cardigan Welsh Corgi
31%
German Pinscher
31%
Icelandic Sheepdog
31%
Japanese Chin
31%
Neapolitan Mastiff
31%
Plott Hound
31%
American Hairless Terrier
29%
Cesky Terrier
29%
Chinook
29%
Manchester Terrier
29%
Sussex Spaniel
29%
Welsh Terrier
29%
Glen of Imaal Terrier
27%
Irish Water Spaniel
27%
Kuvasz
27%
Lakeland Terrier
27%
Parson Russell Terrier
27%
Pharaoh Hound
27%
Russell Terrier
27%
Schipperke
27%
Boykin Spaniel
24%
Canaan Dog
24%
Leonberger
24%
Miniature Bull Terrier
24%
Swedish Vallhund
24%
Wirehaired Pointing Griffon
24%
Belgian Laekenois
22%
Bouvier des Flandres
22%
Coton de Tulear
22%
Dogue de Bordeaux
22%
Keeshond
22%
Norwegian Buhund
22%
Pyrenean Shepherd
22%
Sloughi
22%
Xoloitzcuintli
22%
Ibizan Hound
20%
Boerboel
18%
Entlebucher Mountain Dog
18%
Lowchen
18%
Toy Fox Terrier
18%
Cirneco dell’Etna
16%
Polish Lowland Sheepdog
16%
Wirehaired Vizsla
16%
English Toy Spaniel
13%
Miniature American Shepherd
13%
Norwegian Lundehund
13%
Petit Basset Griffon Vendéen
13%
Standard Schnauzer
13%
Berger Picard
11%
Biewer Terrier
11%
Sealyham Terrier
11%
Spinone Italiano
11%
Lagotto Romagnolo
9%
Bergamasco Sheepdog
7%
Grand Basset Griffon Vendéen
7%
Portuguese Podengo Pequeno
4%
Nederlandse Kooikerhondje
2%

Score Distribution

Percentile by Number Answered

Percent of People with Each Score

Your Score History

You have not taken this quiz